| 000 | 00585nam a22001937a 4500 | ||
|---|---|---|---|
| 003 | OSt | ||
| 005 | 20251211131348.0 | ||
| 008 | 250613b |||||||| |||| 00| 0 eng d | ||
| 020 | _a1-56593-987-5 | ||
| 040 | _cddc | ||
| 082 | _a617.51 P0 | ||
| 100 | _aAlice Kahn | ||
| 245 |
_aCraniofacial Anomalies _bA Beginner's Guide for Speech -Language Pathologists _cAlice Kahn |
||
| 250 | _a1st | ||
| 260 |
_aCalifornia _bSingular Publishing Group _c2000 |
||
| 650 |
_vAudiology and Speech Language Pathology _xAudiology and Speech Language Pathology |
||
| 942 |
_cREF _2ddc |
||
| 999 |
_c249375 _d249375 |
||